Wszystkie kraje wymienione w polskim hymnie narodowym - Statystyki

Ogólne statystyki
  • Ten quiz został rozwiązany 184 razy
  • Średni wynik to 6 z 7
Statystyki odpowiedzi
Kraj % Poprawnych
Włochy
98%
Polska
89%
Szwecja
86%
Francja
83%
Niemcy
78%
Rosja
78%
Austria
56%
Nie znaleziono quizów pasujących do podanych kryteriów
Rozkład punktacji
Procent ludzi z każdym wynikiem
Percentyl według liczby udzielonych odpowiedzi
Twoja historia wyników
Nie rozwiązałeś tego quizu